| 000 | 00564nam a2200181Ia 4500 | ||
|---|---|---|---|
| 008 | 090630s9999 xx 000 0 und d | ||
| 082 | _b22443 | ||
| 100 | _aमेंगजी अशोक. | ||
| 245 |
_aकासानोवा. _cमेंगजी अशोक. |
||
| 260 |
_bपार्टनर. _c2003 |
||
| 300 | _a176 | ||
| 600 | _aमेंगजी अशोक. | ||
| 630 | _aकासानोवा. | ||
| 655 | _aकादंबरी. | ||
| 700 | _aमेंगजी अशोक. | ||
| 730 | _aकासानोवा. | ||
| 942 | _cBOOK | ||
| 999 |
_c274299 _d274299 |
||